Pokémon - Les attaques de Tauros - Statistiques

Statistiques générales
  • Ce quiz a été pris 15 fois
  • Le résultat moyen est 8 sur 14
Statistiques - réponses
Niveaux Types Noms des attaques % Correct
Départ Normal Charge
100%
Départ Normal Mimi-Queue
100%
Niveau 35 Normal Bélier
88%
Niveau 60 Normal Giga Impact
88%
Niveau 55 Normal Damoclès
75%
Niveau 20 Normal Koud'Korne
63%
Niveau 30 Psy Psykoud'Boul
63%
Niveau 10 Ténèbres Représailles
50%
Niveau 25 Normal Grimace
38%
Niveau 40 Psy Repos
38%
Niveau 15 Ténèbres Assurance
25%
Niveau 50 Normal Mania
25%
Niveau 5 Normal Rengorgement
25%
Niveau 45 Normal Vantardise
25%
Aucun quiz correspondant
Distribution des résultats
% des personnes avec chaque résultat
Percentile par nombre de réponses
Votre historique - résultats
Vous n’avez pas pris ce quiz